00390nam a22001337a 450000500170000000800410001702000180005805000150007610000250009124500470011625000240016326000320018730000370021920260420125044.0260420b |||||||| |||| 00| 0 eng d a9780071342612 aHG4530 ADA aLaderman, Jeffrey M. aGuide to Mutual FundscJeffrey M. Laderman a9th editionbannual aNew YorkbMcGraw-Hillc1999 aix. 229p.bill. some colorc28cm